[Event "VIII Festival B"]
[Site "Lucca ITA"]
[Date "1996.10.??"]
[Round "?"]
[White "Venturelli, Roberto"]
[Black "Tempestini, Alessandro"]
[WhiteElo "1809"]
[BlackElo "1813"]
[Result "0-1"]
[PlyCount "74"]
[EventDate "1996.10.??"]

1. e4 c5 2. Nf3 Nc6 3. d4 cxd4 4. Nxd4 Nf6 5. Nc3 e5 6. Ndb5 d6 7. Bg5 a6 8.
Bxf6 gxf6 9. Na3 b5 10. Nd5 f5 11. exf5 Bxf5 12. Qf3 Nd4 13. Nc7+ Qxc7 14.
Qxa8+ Bc8 15. Bd3 Ke7 16. Qe4 Bg7 17. c3 Bb7 18. Qe3 Ne6 19. f3 h5 20. Rd1 Nf4
21. Qf2 h4 22. Nc2 h3 23. Ne3 hxg2 24. Nf5+ Kd8 25. Rg1 Nh3 26. Qxg2 Nxg1 27.
Qxg7 Nxf3+ 28. Kf2 Rxh2+ 29. Kg3 Kc8 30. Qf8+ Qd8 31. Nxd6+ Kc7 32. Qxf7+ Kxd6
33. Bf5+ Rd2 34. Rxd2+ Nxd2 35. Qe6+ Kc7 36. Qxe5+ Qd6 37. Qxd6+ Kxd6 0-1

[Event "I Memorial Roberto Magari 1N"]
[Site "Siena ITA"]
[Date "1996.??.??"]
[Round "?"]
[White "Bertino, Paolo"]
[Black "Zanobini, Andrea"]
[WhiteElo "1876"]
[BlackElo "1798"]
[Result "1/2-1/2"]
[PlyCount "78"]
[EventDate "1996.??.??"]

1. d4 d5 2. c4 e6 3. Nc3 Nf6 4. cxd5 exd5 5. Bg5 Nbd7 6. e3 c6 7. Bd3 Be7 8.
Qc2 Nf8 9. Nf3 Ng6 10. h3 Nd7 11. Bxe7 Qxe7 12. O-O O-O 13. Rab1 Nf6 14. b4 Bd7
15. Na4 b6 16. Rfc1 Ne4 17. Qb3 Ng5 18. Nxg5 Qxg5 19. Kh1 Nh4 20. Bf1 Qf6 21.
Rb2 Qd6 22. g3 Nf5 23. b5 cxb5 24. Bxb5 Bxb5 25. Qxb5 Qe6 26. Nc3 Rfc8 27. Rbc2
Nxg3+ 28. fxg3 Qxh3+ 29. Rh2 Qxg3 30. Qxd5 Qxe3 31. Rf1 Qe7 32. Rhf2 Qh4+ 33.
Rh2 Qe7 34. Ne4 Rd8 35. Qf5 h6 36. Rxh6 gxh6 37. Nf6+ Kf8 38. Nh7+ Ke8 39. Nf6+
Kf8 1/2-1/2

[Event "I Memorial Roberto Magari 2N"]
[Site "Siena ITA"]
[Date "1996.??.??"]
[Round "?"]
[White "Corso, Roberto"]
[Black "Roversi, Stefano"]
[WhiteElo "1603"]
[BlackElo "1393"]
[Result "1-0"]
[PlyCount "69"]
[EventDate "1996.??.??"]

1. e4 c5 2. Nc3 Nc6 3. g3 e6 4. Bg2 a6 5. d3 Nf6 6. Nge2 Be7 7. O-O d6 8. h3
Qc7 9. Be3 b5 10. Qd2 Bb7 11. g4 O-O 12. Ng3 Nd4 13. Nce2 Nxe2+ 14. Nxe2 e5 15.
Ng3 d5 16. g5 d4 17. gxf6 dxe3 18. Qxe3 Bxf6 19. Nh5 Kh8 20. Nxf6 gxf6 21. Qh6
Qd8 22. f4 Rg8 23. fxe5 Rg6 24. Qf4 Qd4+ 25. Kh1 Rag8 26. Bf3 Qxe5 27. Bg4 Qxf4
28. Rxf4 Rh6 29. Raf1 c4 30. Rxf6 Rh4 31. R1f4 cxd3 32. cxd3 Bc8 33. Bxc8 Rxf4
34. Rxf4 Rxc8 35. Rf2 1-0

[Event "I Memorial Roberto Magari 2N"]
[Site "Siena ITA"]
[Date "1996.??.??"]
[Round "?"]
[White "Corti, Massimo"]
[Black "Lotti, Fabio"]
[WhiteElo "1900"]
[BlackElo "1600"]
[Result "0-1"]
[PlyCount "78"]
[EventDate "1996.??.??"]

1. Nf3 Nf6 2. c4 Nc6 3. d4 e6 4. Nc3 d6 5. Bf4 Ne7 6. e4 Ng6 7. Bg3 h5 8. h3 h4
9. Bh2 c6 10. Qb3 Qa5 11. O-O-O Be7 12. Kb1 O-O 13. e5 dxe5 14. dxe5 Nd7 15.
Qa4 Qc7 16. Bd3 Nc5 17. Qc2 Nxd3 18. Qxd3 a5 19. Qe2 a4 20. Ne4 Qa5 21. Nfg5 a3
22. Qh5 Bxg5 23. Nxg5 Re8 24. Qe2 axb2 25. Qxb2 b5 26. c5 b4 27. Ne4 Ba6 28.
Qb3 Bb5 29. Rd2 Ba4 30. Qb2 Ne7 31. g4 Nd5 32. Re1 Reb8 33. Ka1 b3 34. Qa3 Nb4
35. axb3 Bxb3 36. Qxa5 Rxa5+ 37. Kb2 Bd5 38. Nf6+ gxf6 39. exf6 Rb7 0-1

[Event "I Memorial Roberto Magari 2N"]
[Site "Siena ITA"]
[Date "1996.??.??"]
[Round "?"]
[White "Pernigotti, Carlo"]
[Black "Paolinelli, Andrea"]
[WhiteElo "1633"]
[BlackElo "1741"]
[Result "1/2-1/2"]
[PlyCount "50"]
[EventDate "1996.??.??"]

1. e4 e5 2. Nf3 Nc6 3. Bb5 Qf6 4. Nc3 Nge7 5. d3 h6 6. Be3 a6 7. Bxc6 dxc6 8.
d4 Ng6 9. Qd2 Bb4 10. O-O O-O 11. dxe5 Nxe5 12. Nxe5 Qxe5 13. f4 Bxc3 14. fxe5
Bxd2 15. Bxd2 Re8 16. Bc3 Be6 17. Rf3 Rad8 18. Rd3 Rxd3 19. cxd3 Rd8 20. d4 Bc4
21. Kf2 Kf8 22. a3 Ke7 23. Ke3 Ke6 24. Rd1 Rd7 25. Rd2 Rd8 1/2-1/2

[Event "XXVIII C.to Italiano a squadre Finali"]
[Site "Amantea ITA"]
[Date "1996.05.18"]
[Round "1"]
[White "Godena, Michele"]
[Black "Arlandi, Ennio"]
[WhiteElo "2485"]
[BlackElo "2455"]
[Result "1/2-1/2"]
[PlyCount "57"]
[EventDate "1996.05.18"]

1. e4 e5 2. Nf3 Nf6 3. Nc3 Nc6 4. Bb5 Bb4 5. O-O O-O 6. d3 d6 7. Ne2 Bg4 8. c3
Bc5 9. Ng3 Nh5 10. Nf5 Bxf5 11. exf5 Nf6 12. Bxc6 bxc6 13. Bg5 Bb6 14. d4 exd4
15. Nxd4 c5 16. Nc2 h6 17. Bh4 g5 18. fxg6 fxg6 19. Qd3 Kg7 20. Ne3 Qd7 21.
Rae1 Rae8 22. Bxf6+ Rxf6 23. Nd5 Rfe6 24. Re3 c6 25. Nf4 c4 26. Nxe6+ Rxe6 27.
Qxc4 Bxe3 28. fxe3 Rxe3 29. Qf4 1/2-1/2

[Event "XXVIII C.to Italiano a squadre Finali"]
[Site "Amantea ITA"]
[Date "1996.05.18"]
[Round "1"]
[White "Iannaccone, Ernesto"]
[Black "Negrini, Claudio"]
[WhiteElo "2375"]
[BlackElo "2310"]
[Result "1/2-1/2"]
[PlyCount "84"]
[EventDate "1996.05.18"]

1. d4 Nf6 2. c4 c5 3. d5 Ne4 4. Nf3 g6 5. Qc2 Qa5+ 6. Nfd2 Nd6 7. b3 Bg7 8. Bb2
Bxb2 9. Qxb2 O-O 10. e3 b5 11. Na3 Ba6 12. cxb5 Bxb5 13. Bxb5 Nxb5 14. Nac4 Qc3
15. Qxc3 Nxc3 16. e4 f5 17. f3 fxe4 18. Nxe4 Nxe4 19. fxe4 Rf4 20. e5 Re4+ 21.
Kf2 Na6 22. Rhe1 Rxe1 23. Rxe1 Nb4 24. Rd1 Nxa2 25. d6 e6 26. Ra1 Nb4 27. Ra5
a6 28. Ke2 Nc6 29. Rxc5 Rd8 30. Na5 Nxa5 31. Rxa5 Rb8 32. Rxa6 Rxb3 33. Ra7 Rb5
34. Rxd7 Rxe5+ 35. Kf3 Rd5 36. Ke4 h6 37. g3 Kh8 38. Ra7 Rxd6 39. Ke5 Rb6 40.
Kf6 e5+ 41. Kxe5 Kg8 42. h4 Rb5+ 1/2-1/2

[Event "XXVIII C.to Italiano a squadre Finali"]
[Site "Amantea ITA"]
[Date "1996.05.18"]
[Round "1"]
[White "Manca, Federico"]
[Black "D'Amore, Carlo"]
[WhiteElo "2350"]
[BlackElo "2460"]
[Result "1-0"]
[PlyCount "93"]
[EventDate "1996.05.18"]

1. e4 g6 2. d4 Bg7 3. Nc3 d6 4. Nf3 a6 5. a4 Bg4 6. Be2 Nc6 7. Be3 e5 8. dxe5
dxe5 9. Qxd8+ Rxd8 10. Nd5 Rd7 11. c3 h5 12. b4 Nce7 13. Nxe7 Rxe7 14. Nd2 Bh6
15. Nc4 Bxe3 16. Nxe3 Bxe2 17. Kxe2 Nf6 18. f3 Kd7 19. Nc4 Kc8 20. h4 Rd8 21.
Ra2 Re6 22. b5 Nd7 23. Rb1 Nc5 24. a5 axb5 25. Rxb5 Nd3 26. Ra1 Rc6 27. Nxe5
Nf4+ 28. Kf2 Rxc3 29. Kg3 Ne2+ 30. Kh2 f6 31. a6 b6 32. Rd5 Re8 33. Nxg6 Kb8
34. a7+ Ka8 35. Rxh5 Rc2 36. Rh7 b5 37. Ne7 Nf4 38. Kg3 Nxg2 39. Nd5 Rg8+ 40.
Kh3 Kb7 41. Rg7 Ra8 42. Rxg2 Rxg2 43. Kxg2 c6 44. Nxf6 b4 45. h5 c5 46. h6 b3
47. h7 1-0

[Event "XXVIII C.to Italiano a squadre Finali"]
[Site "Amantea ITA"]
[Date "1996.05.18"]
[Round "1"]
[White "Marinelli, Tullio"]
[Black "Belotti, Bruno"]
[WhiteElo "2415"]
[BlackElo "2390"]
[Result "0-1"]
[PlyCount "78"]
[EventDate "1996.05.18"]

1. d4 d6 2. c4 e5 3. Nc3 exd4 4. Qxd4 Nc6 5. Qd2 Nf6 6. g3 Be6 7. Nd5 Ne5 8. b3
Ne4 9. Qe3 Nc5 10. Nf3 c6 11. Nc3 Ng4 12. Qd2 Qb6 13. Nd4 Be7 14. Bg2 a5 15.
O-O O-O 16. Ba3 Rad8 17. h3 Ne5 18. Nxe6 fxe6 19. Qe3 Ncd7 20. Qxb6 Nxb6 21.
Rad1 Rfe8 22. f4 Nf7 23. e4 Nd7 24. Rf2 Nb8 25. Rfd2 Na6 26. Kf2 Nb4 27. Bb2
Bf6 28. Na4 Bxb2 29. Rxb2 e5 30. Nc3 Kf8 31. Rbd2 Ke7 32. a3 Na6 33. h4 Nc5 34.
b4 axb4 35. axb4 Nb3 36. Ra2 Ra8 37. Rb1 Rxa2+ 38. Nxa2 Ra8 39. Nc3 Nd2 0-1

[Event "XXVIII C.to Italiano a squadre Finali"]
[Site "Amantea ITA"]
[Date "1996.05.18"]
[Round "1"]
[White "Martorelli, Antonio"]
[Black "Zurla, Mirko"]
[WhiteElo "2305"]
[BlackElo "2245"]
[Result "0-1"]
[PlyCount "88"]
[EventDate "1996.05.18"]

1. e4 c6 2. Nc3 d5 3. Nf3 Bg4 4. h3 Bxf3 5. Qxf3 e6 6. b3 Nf6 7. e5 Nfd7 8. Qg3
c5 9. Bb2 a6 10. h4 Nc6 11. f4 Nd4 12. Bd3 Qc7 13. Ne2 Nxe2 14. Bxe2 h5 15.
O-O-O g6 16. Qf2 O-O-O 17. g4 hxg4 18. Bxg4 c4 19. Kb1 Kb8 20. bxc4 Qxc4 21.
Be2 Qc6 22. d4 Rc8 23. Rc1 Nb6 24. Rh3 Be7 25. h5 gxh5 26. f5 Nc4 27. Bxc4 Qxc4
28. f6 Bb4 29. c3 Ba5 30. Ba3 Rc6 31. Bc5 Bb6 32. Bd6+ Ka7 33. Rg1 Ba5 34. Qb2
Rhc8 35. Bc5+ b6 36. Bb4 Bxb4 37. Qxb4 Qe2 38. Rc1 Rc4 39. Qe7+ R8c7 40. Qf8
Ra4 41. a3 Ra5 42. Rhh1 Rb5+ 43. Qb4 Rxb4+ 44. axb4 a5 0-1

[Event "XXVIII C.to Italiano a squadre Finali"]
[Site "Amantea ITA"]
[Date "1996.05.18"]
[Round "1"]
[White "Mascellani, Marco"]
[Black "Bellia, Fabrizio"]
[WhiteElo "2225"]
[BlackElo "2335"]
[Result "0-1"]
[PlyCount "68"]
[EventDate "1996.05.18"]

1. e4 e5 2. Bc4 Nf6 3. d4 exd4 4. Nf3 Nc6 5. O-O Nxe4 6. Re1 d5 7. Bxd5 Qxd5 8.
Nc3 Qa5 9. Nxe4 Be6 10. Neg5 O-O-O 11. Nxe6 fxe6 12. Rxe6 Qd5 13. Qe2 Bd6 14.
Bg5 Rdf8 15. Bh4 a6 16. Re4 Kb8 17. b3 Rf4 18. Rxf4 Bxf4 19. Rd1 g5 20. Bg3
Bxg3 21. hxg3 Rd8 22. c3 d3 23. Qe3 g4 24. Ne1 Ne5 25. Rd2 Rd6 26. c4 Qa5 27.
f4 gxf3 28. gxf3 Qc3 29. Kf1 b6 30. f4 Ng4 31. Qe8+ Ka7 32. Nf3 Qa1+ 33. Kg2
Rh6 34. Nh4 Qc1 0-1

[Event "XXVIII C.to Italiano a squadre Finali"]
[Site "Amantea ITA"]
[Date "1996.05.18"]
[Round "1"]
[White "Sedina, Elena"]
[Black "Borgo, Giulio"]
[WhiteElo "2325"]
[BlackElo "2400"]
[Result "1/2-1/2"]
[PlyCount "83"]
[EventDate "1996.05.18"]

1. e4 c5 2. Nf3 e6 3. d4 cxd4 4. Nxd4 Nf6 5. Nc3 d6 6. g4 h6 7. h4 Nc6 8. Rg1
h5 9. gxh5 Nxh5 10. Bg5 Nf6 11. Be2 a6 12. Qd2 Qc7 13. O-O-O Bd7 14. Kb1 O-O-O
15. h5 Be7 16. Nb3 Be8 17. Be3 Ne5 18. Qd4 Nc6 19. Qd2 Ne5 20. Rg3 Kb8 21. Qd4
Nc6 22. Qb6 Rc8 23. Qxc7+ Kxc7 24. Rxg7 Nxh5 25. Rh1 Nxg7 26. Rxh8 Bd7 27. Rh7
Rg8 28. a4 Bf6 29. Kc1 Kd8 30. Kd2 Ke7 31. f4 Ke8 32. Bf3 Kd8 33. a5 Ke8 34.
Nd1 Kf8 35. Nf2 Ne8 36. Bh5 Bg7 37. Ng4 Rh8 38. Rxh8+ Bxh8 39. Nh6 Nf6 40. Bf3
Bg7 41. f5 Ne5 42. Ke2 1/2-1/2

[Event "XXVIII C.to Italiano a squadre Finali"]
[Site "Amantea ITA"]
[Date "1996.05.18"]
[Round "1"]
[White "Vancini, Edoardo"]
[Black "Vallifuoco, Giacomo"]
[WhiteElo "2280"]
[BlackElo "2395"]
[Result "0-1"]
[PlyCount "92"]
[EventDate "1996.05.18"]

1. e4 c5 2. c3 d5 3. exd5 Qxd5 4. d4 Nf6 5. Nf3 e6 6. Be3 cxd4 7. cxd4 Nc6 8.
Nc3 Qd6 9. a3 Be7 10. Bd3 O-O 11. O-O a6 12. Re1 b5 13. Qe2 Bb7 14. Rad1 Rac8
15. Bb1 Na5 16. Ne5 Nc4 17. Bf4 Nxe5 18. Bxe5 Qc6 19. d5 exd5 20. Rd4 Rfe8 21.
Rh4 Ne4 22. Rh3 Bc5 23. Qh5 Rxe5 24. Qxh7+ Kf8 25. Nxe4 dxe4 26. Qh8+ Ke7 27.
Qxg7 Qf6 28. Qxf6+ Kxf6 29. Rc3 Rd8 30. b4 Bb6 31. Rc2 Red5 32. h4 Rd1 33. Kf1
e3 34. fxe3 Rxe1+ 35. Kxe1 Bxe3 36. Rc7 Bd5 37. Ke2 Bd4 38. g4 Ke5 39. g5 Rh8
40. Re7+ Kf4 41. Rd7 Ke5 42. Bd3 Rxh4 43. g6 fxg6 44. Bxg6 Rh2+ 45. Ke1 Bc4 46.
Be8 Bc3+ 0-1

[Event "XXVIII C.to Italiano a squadre Finali"]
[Site "Amantea ITA"]
[Date "1996.05.19"]
[Round "2"]
[White "Arlandi, Ennio"]
[Black "Negrini, Claudio"]
[WhiteElo "2455"]
[BlackElo "2310"]
[Result "1/2-1/2"]
[PlyCount "96"]
[EventDate "1996.05.18"]

1. d4 Nf6 2. c4 c5 3. d5 Ne4 4. Qc2 Qa5+ 5. Nc3 Nxc3 6. Bd2 e5 7. Bxc3 Qc7 8.
e4 d6 9. Bd3 Be7 10. Ne2 O-O 11. O-O Bg5 12. a3 Bg4 13. Ng3 h5 14. h3 h4 15.
Nf5 Bxf5 16. exf5 Nd7 17. Rae1 Rae8 18. Qd1 Nf6 19. Bc2 a6 20. a4 b6 21. Bd2
Bxd2 22. Qxd2 Qd8 23. Qg5 Nh7 24. Qxd8 Rxd8 25. f4 Rfe8 26. fxe5 Rxe5 27. Rxe5
dxe5 28. Re1 f6 29. Re4 Ng5 30. Rxh4 Nf7 31. b3 Nd6 32. Rg4 Kf7 33. Rg3 Rh8 34.
Re3 a5 35. g4 Ke7 36. Kg2 Nf7 37. Kg3 Kd6 38. Be4 Ke7 39. h4 Kd6 40. Rd3 Rh6
41. Rd1 Rh8 42. Rh1 Ke7 43. Bf3 Rh6 44. Re1 Kd6 45. Re4 Rh8 46. Bg2 Ke7 47. Re3
Kd6 48. Re2 Rh6 1/2-1/2

[Event "XXVIII C.to Italiano a squadre Finali"]
[Site "Amantea ITA"]
[Date "1996.05.19"]
[Round "2"]
[White "Godena, Michele"]
[Black "Mariotti, Sergio"]
[WhiteElo "2485"]
[BlackElo "2435"]
[Result "0-1"]
[PlyCount "68"]
[EventDate "1996.05.18"]

1. e4 c5 2. c3 d5 3. exd5 Qxd5 4. d4 e6 5. Nf3 Nf6 6. Na3 Qd8 7. Nc2 Nc6 8. Bd3
cxd4 9. Ncxd4 Nxd4 10. Nxd4 Bc5 11. Nb3 Bb6 12. Qe2 Bd7 13. Be3 Nd5 14. Bxb6
Qxb6 15. Qe5 O-O 16. O-O Rac8 17. Rfd1 Nf6 18. Be2 Qc7 19. Qxc7 Rxc7 20. Rd4
Rfc8 21. Rad1 Kf8 22. f4 Ke7 23. Kf2 Bc6 24. Na5 Bd5 25. c4 Be4 26. b4 b6 27.
Nb3 a5 28. bxa5 bxa5 29. Nxa5 Ra8 30. Nb3 Rxa2 31. Nd2 Bc2 32. Rc1 Nd7 33. Ke1
Nc5 34. Bd1 Nd3+ 0-1

[Event "XXVIII C.to Italiano a squadre Finali"]
[Site "Amantea ITA"]
[Date "1996.05.19"]
[Round "2"]
[White "Manca, Federico"]
[Black "Iannaccone, Ernesto"]
[WhiteElo "2350"]
[BlackElo "2375"]
[Result "1/2-1/2"]
[PlyCount "69"]
[EventDate "1996.05.18"]

1. e4 Nf6 2. e5 Nd5 3. d4 d6 4. Nf3 dxe5 5. Nxe5 g6 6. Bc4 Be6 7. Nd2 Bg7 8.
O-O O-O 9. Ndf3 c6 10. Re1 Nd7 11. Qe2 Nxe5 12. Nxe5 Qd6 13. Bb3 a5 14. a4 Nb6
15. Bxe6 Qxe6 16. c3 Rfe8 17. Nd3 Qxe2 18. Rxe2 Nd7 19. Bf4 e6 20. Kf1 Bf8 21.
Ke1 f6 22. Kd2 Kf7 23. Kc2 Rac8 24. Rd1 b6 25. Rde1 c5 26. dxc5 Nxc5 27. Nxc5
Bxc5 28. Rd1 e5 29. Be3 Bxe3 30. Rxe3 Rcd8 31. Rxd8 Rxd8 32. b4 Ke6 33. f4 axb4
34. cxb4 Rd4 35. fxe5 1/2-1/2

[Event "XXVIII C.to Italiano a squadre Finali"]
[Site "Amantea ITA"]
[Date "1996.05.19"]
[Round "2"]
[White "Mascellani, Marco"]
[Black "Steinfl, Alessandro"]
[WhiteElo "2225"]
[BlackElo "2255"]
[Result "1-0"]
[PlyCount "51"]
[EventDate "1996.05.18"]

1. e4 c5 2. Nf3 Nc6 3. d4 cxd4 4. Nxd4 Nf6 5. Nc3 e5 6. Ndb5 d6 7. Bg5 a6 8.
Na3 b5 9. Nd5 Be7 10. Bxf6 Bxf6 11. c3 Ne7 12. Nxf6+ gxf6 13. Nc2 Bb7 14. Bd3
Rg8 15. Qh5 f5 16. Qxh7 f4 17. g3 fxg3 18. fxg3 Qb6 19. Rf1 Rf8 20. O-O-O d5
21. exd5 Bxd5 22. Be4 Rd8 23. Bxd5 Nxd5 24. Qh5 Qe6 25. Rfe1 e4 26. Nd4 1-0

[Event "XXVIII C.to Italiano a squadre Finali"]
[Site "Amantea ITA"]
[Date "1996.05.19"]
[Round "2"]
[White "Ortega, Lexy"]
[Black "Belotti, Bruno"]
[WhiteElo "2490"]
[BlackElo "2390"]
[Result "1/2-1/2"]
[PlyCount "85"]
[EventDate "1996.05.18"]

1. d4 d6 2. c4 e5 3. Nc3 exd4 4. Qxd4 Nc6 5. Qd2 Nf6 6. e4 a5 7. f3 a4 8. Nge2
Nd7 9. Nd4 Nc5 10. Be2 Nxd4 11. Qxd4 Ne6 12. Qf2 g6 13. Be3 Bg7 14. Rc1 b6 15.
O-O Nc5 16. Bd4 O-O 17. Bxg7 Kxg7 18. Qd4+ f6 19. Rfd1 Bb7 20. Bf1 Rf7 21. Rb1
Qe8 22. b4 axb3 23. axb3 Qe5 24. b4 Ne6 25. Qd2 f5 26. exf5 Qxf5 27. Nd5 Nf4
28. Nxf4 Qxf4 29. Qxf4 Rxf4 30. c5 bxc5 31. bxc5 Ba6 32. cxd6 cxd6 33. Ra1 Bb7
34. Rxa8 Bxa8 35. Rxd6 Rf6 36. Rd4 Bc6 37. Kf2 Rf7 38. Rd6 Rf6 39. Rd2 Rf7 40.
Rc2 Bd5 41. Rc5 Be6 42. Bd3 Ra7 43. h4 1/2-1/2

[Event "XXVIII C.to Italiano a squadre Finali"]
[Site "Amantea ITA"]
[Date "1996.05.19"]
[Round "2"]
[White "Sedina, Elena"]
[Black "Zurla, Mirko"]
[WhiteElo "2325"]
[BlackElo "2245"]
[Result "1-0"]
[PlyCount "133"]
[EventDate "1996.05.18"]

1. e4 c6 2. d4 d5 3. Nd2 dxe4 4. Nxe4 Nf6 5. Nxf6+ exf6 6. Bc4 Qe7+ 7. Qe2 Be6
8. Bd3 Qc7 9. Nf3 Bd6 10. O-O O-O 11. c4 c5 12. dxc5 Bxc5 13. Be3 Nd7 14. Rac1
Bg4 15. Bxc5 Nxc5 16. Bb1 Bh5 17. Rfe1 Rad8 18. Qe3 Ne6 19. Be4 b6 20. b4 Bg6
21. Bd5 Nf4 22. Rcd1 Bf5 23. Nh4 Be6 24. Bxe6 Nxe6 25. Qe4 Rxd1 26. Rxd1 Rd8
27. Rxd8+ Qxd8 28. g3 g6 29. Nf3 Kg7 30. Kg2 Qd6 31. a3 h5 32. h4 Qd7 33. Ne1
Qd4 34. Qxd4 Nxd4 35. f3 Kf8 36. Kf2 Ke7 37. Ke3 Nf5+ 38. Kf4 Kd6 39. Nd3 Nd4
40. Ke4 Nc2 41. c5+ Ke6 42. Nf4+ Kd7 43. cxb6 axb6 44. Nd5 b5 45. Nxf6+ Kd6 46.
g4 Nxa3 47. gxh5 gxh5 48. Nxh5 Nc2 49. Ng3 Nxb4 50. Nf5+ Ke6 51. Nd4+ Kf6 52.
Nxb5 Kg6 53. Kf4 Nd3+ 54. Kg3 f5 55. Nd4 Kf6 56. Ne2 Ke5 57. h5 Kf6 58. Nf4 Nc5
59. Kh4 Nd7 60. Nd5+ Ke5 61. Kg5 Kxd5 62. Kxf5 Nf8 63. h6 Kd6 64. Kf6 Kd5 65.
Kf7 Ne6 66. f4 Nd8+ 67. Kf6 1-0

[Event "XXVIII C.to Italiano a squadre Finali"]
[Site "Amantea ITA"]
[Date "1996.05.19"]
[Round "2"]
[White "Vallifuoco, Giacomo"]
[Black "Borgo, Giulio"]
[WhiteElo "2395"]
[BlackElo "2400"]
[Result "0-1"]
[PlyCount "98"]
[EventDate "1996.05.18"]

1. Nf3 c5 2. c4 Nf6 3. g3 d5 4. cxd5 Nxd5 5. Bg2 Nc6 6. Nc3 Nc7 7. O-O g6 8. d3
Bg7 9. Be3 b6 10. Qd2 O-O 11. Rad1 e5 12. Bh6 Qe7 13. Bxg7 Kxg7 14. e3 Ba6 15.
Rfe1 f5 16. e4 Rad8 17. exf5 Rxd3 18. Qg5 Rxd1 19. Qxe7+ Nxe7 20. Rxd1 Nxf5 21.
Rd7+ Rf7 22. Rxf7+ Kxf7 23. Nxe5+ Ke6 24. Nc6 Ne7 25. Nxa7 Ke5 26. f4+ Kd4 27.
Kf2 b5 28. a3 c4 29. Nc6+ Nxc6 30. Bxc6 Kd3 31. Be4+ Kd2 32. Na2 Bc8 33. Kf3
Bf5 34. g4 Bxe4+ 35. Kxe4 Kc2 36. f5 gxf5+ 37. gxf5 Kxb2 38. Nb4 c3 39. Kd4 Ne8
40. Kc5 Kxa3 41. Nd3 Kb3 42. h4 Kc2 43. Nb4+ Kd2 44. h5 h6 45. Kxb5 Nd6+ 46.
Kc5 Nxf5 47. Kd5 Ng7 48. Ke5 Nxh5 49. Kf5 Ng7+ 0-1

[Event "XXVIII C.to Italiano a squadre Finali"]
[Site "Amantea ITA"]
[Date "1996.05.19"]
[Round "2"]
[White "Vancini, Edoardo"]
[Black "D'Amore, Carlo"]
[WhiteElo "2280"]
[BlackElo "2460"]
[Result "0-1"]
[PlyCount "132"]
[EventDate "1996.05.18"]

1. e4 e5 2. Nf3 Nc6 3. Bb5 Nge7 4. d4 exd4 5. O-O g6 6. Nxd4 Bg7 7. Be3 O-O 8.
Nc3 d6 9. f4 f5 10. Qd2 Kh8 11. Rae1 a6 12. Nxc6 bxc6 13. Ba4 fxe4 14. Nxe4 c5
15. c3 h6 16. Bf2 Ng8 17. Ng3 Qf6 18. Bc2 Rb8 19. Bb1 Bd7 20. Be3 Qf7 21. f5 g5
22. Ne4 Nf6 23. Nxf6 Bxf6 24. h4 gxh4 25. Bxh6 Rg8 26. Rf2 Qh5 27. Be4 Rbe8 28.
Bf4 Qh7 29. Bd5 Rxe1+ 30. Qxe1 Re8 31. Be6 Qxf5 32. Be5 Qxe5 33. Qxe5 Bxe5 34.
Bxd7 Re7 35. Bg4 Bg3 36. Re2 Rf7 37. Be6 Rf4 38. Bd5 Kg7 39. Re7+ Kg6 40. Rxc7
Rf2 41. Be4+ Kf6 42. Bd5 Rxb2 43. Kf1 Rf2+ 44. Kg1 Rc2 45. Kf1 Rxc3 46. Ke2 Ke5
47. Bb3 Kd4 48. Rg7 Re3+ 49. Kd2 Re4 50. Bd1 Bf4+ 51. Kc2 Ke3 52. Rb7 Rc4+ 53.
Kb3 Rd4 54. Bc2 Kd2 55. Bf5 Be5 56. Be6 Kc1 57. Bc4 a5 58. Be6 Re4 59. Bd5 a4+
60. Ka3 Bb2+ 61. Rxb2 Re3+ 62. Bb3 axb3 63. Rxb3 Kd2 64. Kb2 Rxb3+ 65. Kxb3 d5
66. a4 c4+ 0-1

[Event "C.to Regionale Sicilia femminile"]
[Site "Mazara del Vallo ITA"]
[Date "1996.05.01"]
[Round "?"]
[White "Arnetta, Maria Teresa"]
[Black "Arnetta, Marianna"]
[WhiteElo "1768"]
[BlackElo "1600"]
[Result "1-0"]
[PlyCount "45"]
[EventDate "1996.05.??"]

1. e4 c5 2. Nf3 e6 3. c3 Nf6 4. d3 d5 5. exd5 exd5 6. g3 Be7 7. Bg2 O-O 8. O-O
Nc6 9. Re1 h6 10. d4 Bg4 11. Be3 cxd4 12. Bxd4 Rc8 13. Qd3 Re8 14. Nbd2 Be6 15.
a3 Qd7 16. Ne5 Nxe5 17. Bxe5 Ng4 18. Bd4 Nf6 19. Bxa7 Bf5 20. Qf1 Qa4 21. Bd4
Qc2 22. Nf3 Bd3 23. Rec1 1-0